Una historia de la razón (Record no. 96680)

MARC details
000 -LEADER
campo de control de longitud fija 00987nam a2200277 i 4500
001 - NÚMERO DE CONTROL
campo de control 96680
003 - IDENTIFICADOR DE NÚMERO DE CONTROL
campo de control ES-MaACL
005 - FECHA Y HORA DE LA ÚLTIMA TRANSACCIÓN
campo de control 20251013211519.0
007 - CAMPO FIJO DE DESCRIPCIÓN FÍSICA--INFORMACIÓN GENERAL
campo de control de longitud fija t|
008 - DATOS DE LONGITUD FIJA--INFORMACIÓN GENERAL
campo de control de longitud fija 150906s1998 sp ||||1| spa d
020 ## - NÚMERO INTERNACIONAL ESTÁNDAR DEL LIBRO
Número Internacional Estándar del Libro 84-8191-221-2
080 ## - NÚMERO DE LA CLASIFICACIÓN DECIMAL UNIVERSAL
Número de la Clasificación Decimal Universal 1(091)
100 1# - ENTRADA PRINCIPAL--NOMBRE DE PERSONA
Nombre de persona Châtelet, François.
9 (RLIN) 38187
245 14 - MENCIÓN DEL TÍTULO
Título Una historia de la razón
Resto del título : conversaciones con Émile Noël /
Mención de responsabilidad, etc. François Châtelet ; introducción de Jean-Toussaint Desanti ; traducción de Alicia Olabuenaga y Paloma Olmedo.
260 ## - PUBLICACIÓN, DISTRIBUCIÓN, ETC.
Lugar de publicación, distribución, etc. Valencia :
Nombre del editor, distribuidor, etc. Pre-Textos,
Fecha de publicación, distribución, etc. [1998]
300 ## - DESCRIPCIÓN FÍSICA
Extensión 214 p. ;
Dimensiones 19 cm.
490 1# - MENCIÓN DE SERIE
Mención de serie Pre-Textos ;
Designación de volumen o secuencia 372. Ensayo
650 #4 - PUNTO DE ACCESO ADICIONAL DE MATERIA--TÉRMINO DE MATERIA
Término de materia o nombre geográfico como elemento de entrada Filosofía-
Subdivisión de forma Historia.
9 (RLIN) 158248
700 1# - ENTRADA AGREGADA--NOMBRE PERSONAL
Nombre de persona Noël, Émile.
9 (RLIN) 157194
700 1# - ENTRADA AGREGADA--NOMBRE PERSONAL
Nombre de persona Desanti, Jean-Toussaint,
Fechas asociadas al nombre 1914-2002
9 (RLIN) 43821
700 0# - ENTRADA AGREGADA--NOMBRE PERSONAL
Nombre de persona Olabuenaga, Alicia.
9 (RLIN) 86636
700 1# - ENTRADA AGREGADA--NOMBRE PERSONAL
Nombre de persona Olmedo, Paloma.
9 (RLIN) 157195
830 0# - PUNTO DE ACCESO ADICIONAL DE SERIE-TÍTULO UNIFORME
Título uniforme Pre-Textos ;
Designación de volumen o secuencia 372. Ensayo
9 (RLIN) 178641
852 ## - LOCALIZACIÓN
Ubicación ES-MaACL
Número de control de estantería L-30140
Nota libre .- Donat. Miguel A. Velasco
Holdings
Estatus retirado Estado de pérdida Estado de daño No para préstamo Biblioteca de origen Biblioteca actual Ubicación en estantería Fecha de adquisición Fuente de adquisición Total de préstamos Signatura topográfica completa Código de barras Visto por última vez Precio de reemplazo Tipo de ítem Koha
        Biblioteca del Ateneo de Madrid Biblioteca del Ateneo de Madrid Depósito 2 06/08/2015     L-30140 1194001 23/02/2023 23/02/2023 Libro impreso